01739cam a2200385 a 4500001001400000003000800014005001700022006001900039007001500058008004100073020003800114040003000152049002600182050002200208082001800230245015800248260002700406300003500433520040600468521001700874588004700891504005100938650002900989650002601018650001401044650002301058650002601081655002901107700002901136710001601165776003501181856010201216942001601318999001901334EDZ0000063842StDuBDS20161031105212.0m||||||||d||||||||cr |||||||||||120326s1994 enk fo| 001|0|eng|d a9781446221853 (ebook) :cNo price aStDuBDSbengcStDuBDSepn aAlfaisal Main Library 0aQ175.5b.N46 199404a338.4700122304aThe new production of knowledgeh[electronic resource] :bthe dynamics of science and research in contemporary societies /cMichael Gibbons ... [et al.]. aLondon :bSAGE,c1994. a1 online resource (ix, 179 p.)8 aIn this provocative and broad-ranging work, the authors argue that the ways in which knowledge - scientific, social and cultural - is produced are undergoing fundamental changes at the end of the twentieth century. They claim that these changes mark a distinct shift into a new mode of knowledge production which is replacing or reforming established institutions, disciplines, practices and policies. aSpecialized. aDescription based on print version record. aIncludes bibliographical references and index. 0aSciencexSocial aspects. 0aKnowledge, Theory of. 0aResearch. 0aScience and state. 0aTechnology and state. 7aElectronic books.2local1 aGibbons, Michael,d1939-2 aSage eBooks08iPrint version :z978080397794540uhttp://ezproxy.alfaisal.edu/login?url=http://sk.sagepub.com/books/the-new-production-of-knowledge 2lcccEBOOKS c481601d481601